000 00505nam a2200181Ia 4500
005 20250508160214.0
008 008 250505s9999 xx 000 0 eng d
037 _aTextual
040 _aFEDL
_beng
_cFEDL
041 _aeng
_2eng
084 _a371.7, UNI
_qFEDL
100 _aSmall Willard S
_9768132
245 0 _aEducational hygiene
260 _aWashington, USA
_bU.S. Government Printing Office
_c1919
300 _a22p.
942 _cTEXL
_h371.7, UNI
999 _c1362653
_d1362653